Acuerdos relevantes del consejo tčnico del IMSS

Detalles Bibliográficos
Formato: Libro
Lenguaje:español
Publicado: Mx̌ico Instituto Mexicano de Contadores Pb︢licos 2015
Materias:
Acceso en línea:Acceso restringido

MARC

LEADER 00000nam a22000007a 4500
005 20160223141857.0
007 cr|||| ||u|
008 160223s2015 mx ||||| |||| 00||0 spa d
020 |a 978-607-8384-64-8 
035 |a 13085 
040 |a vLex 
090 |c 5900  |d 5900 
245 1 0 |a Acuerdos relevantes del consejo tčnico del IMSS  |h [Recurso electrn̤ico] /  
256 |a Servicio en ln̕ea  
260 |a Mx̌ico  |b Instituto Mexicano de Contadores Pb︢licos  |c 2015 
300 |a 1 recureso electrn̤ico  
506 1 |a Contenido solo disponible en los productos indicados  |d vLex Global  |d vLex Global (Academic Edition, excluding Law Schools)  |d vLex Global (U.S. Academic Edition, Law Schools)  |d vLex Global (U.S. Academic Edition, excluding Law Schools)  |d vLex Global (Academic Edition, Law Schools) 
650 0 4 |a Derecho  |z Mx̌ico 
740 0 |a vLex libros (servicio en ln̕ea)  
856 4 0 |u http://vlex.com/source/acuerdos-relevantes-del-consejo-tecnico-del-imss-13085  |z Acceso restringido  
942 |c BOOK 
999 0 |a Law